MDQL
is popping MORE tags! Check the
thread
!
Quizzes
Events
Quiz Creation
Community
Videos
Private Events
Remove Ads
Sign In
Join for FREE
Feedback
Dark Mode
Quiz Categories
Sports
Geography
Music
Movies
Television
Just For Fun
Miscellaneous
History
Literature
Language
Science
Gaming
Entertainment
Religion
Holiday
For Kids
Quiz Lab
Recent
Popular Today
Quiz Kudos Today
Editor Picks
Curator Picks
Quizzes by...
Day
Popularity
Type
Ratings
Length
Year
Community
Subscriptions
Recent Discussions
Orange Saloon
Badges
Playlists
Quests
Create
Leaderboards
Showdown
Live 5
Trivia Bingo
Activity
Puzzle Library
Sporcle Events
Private Events
Virtual Trivia
Globe League
Become a Host
Pub Owners
SporcleCon
Opinionation
Our Games
Videos
Blog
Mobile Apps
Partnerships
Remove Ads and Go Orange
Feedback
Geography
Country
Landmarks
City
State
Population
World
Capital
Continent
Flags
Europe
Africa
Asia
South America
North America
Oceania
Border
Canada
United Kingdom
Topography
United States
Geography
Country
Landmarks
City
State
Population
World
Capital
Continent
Flags
Europe
Africa
Asia
South America
North America
Oceania
Border
Canada
United Kingdom
Topography
United States
Random Quiz
Search Sporcle
×
Quiz Lab
Quiz Lab
Geography
Population
Type in answers that appear in a list
Type in answers that appear in a list
Classic
Best Score? Go Orange.
Texas Cities Stats
Can you name the Texas cities with populations over 10,000?
By
celticpearl
20m
241 Questions
1,209 Plays
1,209 Plays
1,209 Plays
Comments
Comments
Give Quiz Kudos
Give Quiz Kudos
-
- Ratings
hide this ad
More Info
Replay
Link that replays current quiz
Next Quiz
Link to next quiz in quiz playlist
You Got
0%
They Got
Avg Score
43%
Avg Friend Score
Upgrade to see
Score Distribution
Jump to the score distribution portion of the page
Score
0/241
Timer
20:00
0
Plays Today
City
% Correct
Houston
98.3%
San Antonio
97.9%
Dallas
97.9%
Austin
97.8%
El Paso
97%
Fort Worth
96.3%
Lubbock
93.8%
Corpus Christi
92.3%
Amarillo
92%
Arlington
91.2%
Waco
90.6%
Plano
90.1%
Brownsville
88.9%
Laredo
86.6%
Odessa
85.4%
Irving
85.1%
Galveston
85%
Midland
84.3%
Tyler
84.1%
Abilene
83.2%
Garland
82.6%
College Station
82.3%
McAllen
81.5%
Denton
80.8%
Beaumont
80.4%
Round Rock
80.3%
Wichita Falls
80%
Texarkana
79.9%
Killeen
78.1%
Pasadena
76.6%
McKinney
76.6%
Grand Prairie
76.5%
Frisco
75.3%
San Marcos
74.6%
Mesquite
73.8%
San Angelo
73.2%
Bryan
72.6%
New Braunfels
71.4%
Temple
71.2%
Sugar Land
71%
Richardson
69.5%
Allen
69.5%
Longview
68.6%
Victoria
66.6%
Georgetown
66.6%
Carrollton
66.4%
Port Arthur
66.1%
The Woodlands
65.8%
Texas City
65.5%
Huntsville
63.4%
Lewisville
63.1%
Conroe
62.5%
Grapevine
62.5%
Paris
61.7%
Pearland
61.4%
Baytown
61.4%
Sherman
61.2%
Katy
60.7%
Del Rio
59.2%
Waxahachie
57.6%
Harlingen
57.1%
Spring
56.9%
Euless
56.6%
Nacogdoches
56.5%
Pflugerville
55.9%
Denison
55.6%
Flower Mound
55.2%
League City
55%
Rockwall
54.9%
DeSoto
54.3%
Orange
53.9%
Edinburg
53.4%
North Richland Hills
52.9%
Duncanville
52.2%
Cedar Park
52.1%
Missouri City
51.7%
Mansfield
51.6%
Bedford
50.5%
Lufkin
50.3%
Fredericksburg
49.8%
Mission
49.5%
City
% Correct
Corsicana
49.3%
Weatherford
49.1%
Kerrville
49%
Burleson
48.9%
Keller
48.6%
Palestine
47.1%
Southlake
46.8%
Marshall
46.8%
Belton
46.8%
Kingsville
46.6%
Greenville
46.5%
Hurst
46.4%
Pharr
45.9%
The Colony
45.8%
Cedar Hill
45.3%
Gainesville
45.3%
Taylor
45.1%
Coppell
44.9%
Big Spring
44.7%
Brownwood
44.4%
Eagle Pass
44.2%
Seguin
44.2%
White Settlement
43.7%
Uvalde
43.5%
Athens
43.4%
Humble
43.3%
Rowlett
43.2%
Jacksonville
43.2%
Alamo
42.8%
Stephenville
42.7%
Canyon
42.7%
Lancaster
42.6%
University Park
42.2%
Bay City
41.7%
Haltom City
41.6%
Ennis
41.3%
Kyle
40.7%
Cleburne
40.3%
Brenham
40.1%
Copperas Cove
39.8%
Alvin
39.8%
Plainview
38.7%
Addison
38.7%
Wylie
38.4%
Mineral Wells
38.3%
Midlothian
38.2%
Leander
37.8%
Boerne
37.4%
Alice
37.3%
Colleyville
37%
Hutto
36.6%
Pampa
36.5%
Farmers Branch
36%
Forney
35.9%
Deer Park
35.2%
Sulphur Springs
35.1%
La Porte
34.9%
Benbrook
34.6%
Richmond
34.5%
Sweetwater
34%
Saginaw
33.5%
Weslaco
33.4%
Dumas
33.3%
Fort Hood
32.9%
Friendswood
32.4%
Kilgore
32.4%
Terrell
32.3%
Azle
32.3%
Tomball
31.9%
Mount Pleasant
31.8%
Andrews
31.8%
Lake Jackson
31.1%
Little Elm
31%
Beeville
30.8%
San Juan
30.2%
Schertz
30.1%
La Marque
30%
Converse
29.9%
Rosenberg
29.8%
Crowley
29.5%
Channelview
29%
City
% Correct
Borger
29%
Atascocita
28.6%
Harker Heights
28.3%
Lockhart
28.1%
Red Oak
27.7%
Bellaire
27.5%
Rio Grande City
27.3%
Levelland
27.1%
Watauga
27%
Vernon
27%
Gatesville
26.7%
Henderson
26.6%
Angleton
26.6%
South Houston
25.5%
Bonham
25.3%
Port Lavaca
25.2%
Cibolo
25%
Snyder
25%
Balch Springs
24.6%
Hereford
24.3%
Seagoville
24.3%
Forest Hill
24%
Socorro
23.9%
El Campo
23.7%
Vidor
23.7%
Lakeway
23.4%
West Odessa
23.3%
Sachse
22.5%
Nederland
22.3%
Freeport
22.2%
Robinson
22%
Port Neches
21.8%
Donna
21.2%
Santa Fe
21.2%
West University Place
20.8%
San Benito
20.7%
Jacinto City
20.4%
Burkburnett
20.2%
Corinth
19.8%
Mission Bend
19.8%
Mercedes
19.7%
Robstown
19.5%
Hidalgo
19.3%
Aldine
19.1%
Fresno
19%
Portland
18.9%
Galena Park
18.8%
Highland Village
18.4%
Live Oak
18.1%
University City
17.7%
Dickinson
16.9%
Jollyville
16.3%
Canyon Lake
15.9%
Cinco Ranch
15.9%
Groves
15.5%
Murphy
15.4%
Horizon City
15.4%
Hewitt
15.4%
Lumberton
15.2%
Stafford
14.8%
Raymondville
14.7%
Webster
14.4%
Pecan Grove
13.3%
Rendon
12.9%
Alton
12.3%
Leon Valley
11.2%
Brushy Creek
10.8%
Seabrook
10.6%
Four Corners
10%
Clure
9.5%
Sienna Plantation
9.3%
Cloverleaf
9%
Wells Branch
9%
Glenn Heights
8.6%
Timberwood Park
8.2%
San Elizariro
8%
New Territory
8%
Greatwood
7.9%
La Homa
7.3%
Quiz Playlist
Details
Report
Send in Message
Add To Playlist
More Info:
The list includes both cities and unincorporated census-designated places.
Classic:
Type in answers that appear in a list
Last Updated: Feb 16, 2017
Quiz Scoreboard
CHALLENGE
Sign Up to Join the Scoreboard
Show All
Scores
Hide
Comments
May contain spoilers
Recently Published
1-10 Letter E Words III
by El_Dandy
Language
2m
Street Fighter Characters
by Artimus82
Gaming
60s
College Basketball Coaching Resumes
by pancakes188
Sports
9m
More to Explore
Quiz From the Vault
Featured Blog Post
Where Did the Easter Bunny Come From?
hide this ad
You Might Also Like...
Tags
City Quiz
Population Quiz
10 000
tea
Today's Top Quizzes in Geography
Browse Geography
hide this ad
Today's Top Quizzes in Population
Browse Population
Top Contributed Quizzes in Geography
1
Countries of the World - No Outlines Minefield
2
Top 25 Cities of France on a map
3
Any capital of a 'B' country per Continent
4
Any capital of a 'C' country per Continent
5
Closest Countries to UK A-Z
6
Any capital of a 'D' country per Continent
7
5-to-1: US Geography No Hints
8
Any capital of an 'E' country per Continent
9
Find the US States - No Outlines
10
Any capital of an 'F' country per Continent
Explore More
Trending Topics
Crossword
Disney
Anime
NBA
Harry Potter
Marvel
Kpop
Country
WWE
Pokémon
The Office
Puzzle
Soccer
NFL
Song
hide this ad
More By:
celticpearl
Quiz
Plays
Rating
Category
Featured
Created
Texas Cities
1,209
4.50
Geography
Aug 25, 2012
2008 Olympic Women's Gymnasts
1,115
4.50
Sports
Sep 28, 2009
Girl Names of 1940
868
5.00
Just For Fun
Apr 18, 2012
Gold Medal: Women's All-Around Gymnastics
863
3.20
Sports
Sep 26, 2009
2012 Olympic Gymnasts (Women)
553
5.00
Sports
Jul 23, 2012
Go to Creator's Profile
Score Distribution
Quiz Creator Spotlight
celticpearl
Follow
Send a Message
Quizzes Created
-
Created Quiz Play Count
-
More By This Creator
Popular Quizzes Today
1
Find the US States - No Outlines Minefield
2
Find the Countries of Europe - No Outlines Minefield
3
The Countries of the World
4
Find the US States
5
Risky Map Clicking: Biggest States A-Z
6
US States
7
Popular People in 1961
8
Movies - When Are They Set?
More Geography Quizzes
Letter Pyramid - African Countries
Published
Trending Quizzes
Risky Map Clicking: Least Populous States A-Z
1-10 Letter G Words
USA Borders Longest to Shortest
1-10 Letter F Words
Countries of the World: 200 Million BC
Recently Updated
Leaping Animals
pecheneg
Reality TV Shows (A-Z)
bhenderson79
Rickey Henderson's Hall of Fame Teammates
pecheneg
Champions League XIs: Arsenal
pecheneg
Quick Pick: Celebrities in WWE's Hall of Fame
aduchscher
A-Z Keypad Blitz II
pecheneg
Multiple Oscar Actors
pecheneg
Mystery Phrase Blitz: Oscar 'Best Actors'
pecheneg
F. Scott Fitzgerald Novels
LTH
Pick 3 Villains
ddd62291
Trending Topics
Kpop
Anime
NBA
Crossword
Marvel
Harry Potter
Disney
NFL
The Office
Pokémon
Soccer
Song
Country
Puzzle
WWE
Your Account Isn't Verified!
In order to create a playlist on Sporcle, you need to verify the email address you used during registration. Go to your
Sporcle Settings
to finish the process.
Report this User
Report this user for behavior that violates our
Community Guidelines
.
Details:
Send Report
Go to the Sporcle.com Mobile Site →
Comments